000
00285nam a22001337a 4500
008
170922b xxu||||| |||| 00| 0 eng d
020
_a
067503514706
041
_a
eng
080
_a
37
100
_a
46
101
_a
EDU
245
_a
MERRILL SCIENCE
_c
HACKETT, J.K
942
_2
udc
_c
BK
999
_c
29029
_d
29029